000 01196nam a2200253Ia 4500
999 _c39975
_d39975
001 6581
003 GE_BSU
005 20191202110223.0
008 181216s2012||||ge |||||||||||||| ||geo||
020 _a9789941106828
040 _cGE_BSU
041 _ageo
080 _a374(072) შ-51
100 _aშეროზია, ლეილა
_95641
245 _aკლასგარეშე მუშაობისათვის მასწავლებლის მომზადების ტექნოლოგიები /
_cლეილა შეროზია; რედ. დავით, მალაზონია.
264 _aთბილისი :
_bმერიდიანი,
_c2012.
300 _a94 გვ. ;
_b20 სმ.
653 _aკლასგარეშე მუშაობა
653 _aმასწავლებელთა მომზადება
653 _aმეთოდური სახელმძღვანელოები
700 _aმალაზონია, დავით
_eრედაქტორი
_93943
710 _aსოხუმის სახელმწ. უნ-ტი
_95642
942 _cBK
_2udc